MARC

LEADER 00000nam2a2200000 4500
001 19904
005 20231101205321.0
035 |a (RuTPU)RU\TPU\book\20074 
035 |a BOOK00020144 
090 |a 19904 
100 |a 20011209d1968 km y0rusy50 ca 
101 1 |a rus  |c lat 
102 |a RU 
105 |a y z 000zd 
200 0 |a Т. 2 
210 |d 1968 
215 |a 836 с. 
461 1 |0 (RuTPU)RU\TPU\book\66390  |t Сочинения  |o Пер. с лат.  |o В 2 т.  |f П. Гассенди  |g Академия Наук СССР; Институт философии  |v Т. 2  |d 1966-1968  |s Философское наследие 
600 0 |a Аристотель  |c древнегреческий философ и учёный-энциклопедист из Стагиры  |f 384 - 322 до н.э.  |2 stltpui  |3 (RuTPU)RU\TPU\pers\24  |9 15 
600 1 |a Декарт  |g Рене  |b Р.  |c французский философ, математик, физик и физиолог  |f 1596 - 1650  |2 stltpui  |3 (RuTPU)RU\TPU\pers\142 
606 1 |a Французская философия  |2 stltpush  |3 (RuTPU)RU\TPU\subj\38002  |9 58738 
610 1 |a философия 
610 1 |a 17 век 
610 1 |a материализм 
610 1 |a история 
610 1 |a античная философия 
610 1 |a метафизика 
686 |a Ю3(4Фр)  |v LBC/SL-A  |2 rubbk 
801 0 |a RU  |b 63413507  |c 20011209  |g PSBO 
801 2 |a RU  |b 63413507  |c 20161229  |g PSBO 
942 |c BK